| 000 | 00000nam 2200000za 4500 |
| 001 | 9.643204 |
| 003 | CaOODSP |
| 005 | 20210624224048 |
| 007 | cr ||||||||||| |
| 008 | 150407s1978||||xxc|||||o f000 0 fre d |
| 020 | |z0-662-90062-6 |
| 040 | |aCaOODSP|bfre |
| 043 | |an-cn--- |
| 086 | 1 |aA53-1468/1978F-PDF|zA53-1468/1978F |
| 100 | 1 |aCampbell, C. G. |q(Clayton Garnet) |
| 245 | 13|aLa culture du sarrasin |h[ressource électronique] / |cC.G. Campbell et G.H. Gubbels. |
| 250 | |aRév. |
| 260 | |aOttawa : |bAgriculture Canada. |cc1978. |
| 300 | |a11 p. |
| 500 | |aÉd. originale : 1972. |
| 500 | |aPublication historique numérisée par Agriculture et Agroalimentaire Canada. |
| 500 | |aPublié aussi en anglais sous le titre : Growing buckwheat. |
| 590 | |a14-11-Supp|b2014-05-21 |
| 691 | 07|aCéréale|2gcpds |
| 691 | 07|aExploitation agricole|2gcpds |
| 700 | 1 |aGubbels, G. H. |
| 710 | 1 |aCanada.|bAgriculture Canada. |bDirection générale de recherche. |
| 775 | 08|tGrowing buckwheat |w(CaOODSP)9.699233 |
| 856 | 40|ahttp://publications.gc.ca|qPDF|s700 Ko|uhttps://publications.gc.ca/collections/collection_2014/aac-aafc/agrhist/A53-1468-1978-fra.pdf |
| 986 | |aPublication 1468 |